000 01180cam a22003737a 4500
003 CHAP
005 20220817043809.0
008 000524d1999 it rn 00110 eng d
010 _a84715
011 _a85687
020 _a9253043474
035 _a96222
040 _cCHAP
082 0 4 _a630
_bF3Y v.139
110 2 _aFAO
245 1 0 _aEl derecho y los mercados :
_bel mejoramiento del ambiente legal para la comercialización agrícola
_c/por Cormac Cullinan
260 _aRoma :
_bFAO,
_c2001.
300 _a93 p.
410 _aFAO
490 0 _aFAO. Servicios agrícolas
_v; 139
590 _aBATCH-UPD
_b10
_c20130110
_lUCH01
_h0738
590 _aBATCH-UPD
_b10
_c20130410
_lUCH01
_h0420
590 _aBATCH-UPD
_b10
_c20130914
_lUCH01
_h1114
590 _aCONVERSION
_b10
_c20130109
_lUCH01
_h1347
650 1 4 _aAgricultura
_xAspectos económicos.
650 1 4 _aProductos agrícolas
_xMercadeo.
_991951
700 0 _aCullinan, Cormac.
_930207
810 0 _aFAO
830 0 0 _aFAO. Servicios agrícolas
_v; 139
_939697
901 _aBK
905 _aAlejandra Carrasco M.
942 _cLIBRO
949 _a630 F3Y
_bBC
_cFAO
_d33724000853552
_eFAO1
_fv. 139
_h101703
_i96222
_sb
999 _c84715
_d84715